[Event "Irena Warakomska Memorial B"]
[Site "chessmanager.com"]
[Date "2018.08.01"]
[Round "1"]
[White "Furtak, Joanna"]
[Black "Szewczyk, Mariusz"]
[Result "1/2-1/2"]
[Board "2"]
[WhiteElo "1948"]
[WhiteCountry "POL"]
[WhiteFideId "21804842"]
[WhiteEloChange "4"]
[BlackElo "2094"]
[BlackCountry "POL"]
[BlackFideId "1147579"]
[BlackEloChange "-4"]

1. e4 {[%clk 1:30:30]} e5 {[%clk 1:30:54]} 2. Nf3 {[%clk 1:30:54]} Nc6 {[%clk
1:31:19]} 3. d4 {[%clk 1:31:19]} exd4 {[%clk 1:31:39]} 4. Nxd4 {[%clk 1:31:39]}
Bc5 {[%clk 1:32:04]} 5. Nb3 {[%clk 1:31:39]} Bb6 {[%clk 1:31:38]} 6. Qe2 {[%clk
1:29:51]} Nge7 {[%clk 1:27:57]} 7. Nc3 {[%clk 1:30:06]} O-O {[%clk 1:26:50]} 8.
Be3 {[%clk 1:27:27]} d6 {[%clk 1:24:01]} 9. g3 {[%clk 1:24:33]} Ne5 {[%clk
1:18:50]} 10. h3 {[%clk 1:22:10]} Be6 {[%clk 1:14:08]} 11. O-O-O {[%clk 1:19:46]}
Bc4 {[%clk 1:13:42]} 12. Qh5 {[%clk 1:19:15]} Bxe3+ {[%clk 1:12:20]} 13. fxe3
{[%clk 1:19:40]} Bxf1 {[%clk 1:11:54]} 14. Rhxf1 {[%clk 1:19:19]} Qe8 {[%clk
1:08:40]} 15. Nd5 {[%clk 1:12:12]} Nxd5 {[%clk 1:08:44]} 16. exd5 {[%clk
1:12:37]} Nc4 {[%clk 1:06:26]} 17. Rfe1 {[%clk 1:11:09]} Qe5 {[%clk 1:03:42]} 18.
Qxe5 {[%clk 1:11:24]} Nxe5 {[%clk 1:04:01]} 19. Nd4 {[%clk 1:10:42]} Rae8 {[%clk
1:03:44]} 20. e4 {[%clk 0:57:30]} g6 {[%clk 1:03:18]} 21. g4 {[%clk 0:45:25]} Re7
{[%clk 1:01:00]} 22. Re2 {[%clk 0:42:56]} Rfe8 {[%clk 1:00:54]} 23. Rde1 {[%clk
0:42:30]} h6 {[%clk 0:57:50]} 24. Kd1 {[%clk 0:40:06]} a6 {[%clk 0:56:58]} 25. b3
{[%clk 0:36:39]} Nd7 {[%clk 0:52:02]} 26. Nf3 {[%clk 0:35:37]} Nf6 {[%clk
0:51:20]} 27. Nd2 {[%clk 0:33:23]} Kg7 {[%clk 0:51:40]} 28. c4 {[%clk 0:29:28]}
b6 {[%clk 0:50:07]} 29. Re3 {[%clk 0:28:21]} Re5 {[%clk 0:49:10]} 30. Kc2 {[%clk
0:25:42]} h5 {[%clk 0:49:04]} 31. gxh5 {[%clk 0:26:07]} Rxh5 {[%clk 0:49:24]} 32.
Rg1 {[%clk 0:21:19]} Rh4 {[%clk 0:46:20]} 33. Kd3 {[%clk 0:20:23]} Nd7 {[%clk
0:46:04]} 34. Ke2 {[%clk 0:09:24]} a5 {[%clk 0:39:28]} 35. Rg4 {[%clk 0:07:41]}
Rxg4 {[%clk 0:39:27]} 36. hxg4 {[%clk 0:07:41]} Ne5 {[%clk 0:39:22]} 37. Rg3
{[%clk 0:06:22]} Rh8 {[%clk 0:38:40]} 38. Nf3 {[%clk 0:03:53]} Nxf3 {[%clk
0:38:24]} 39. Kxf3 {[%clk 0:04:08]} Rh1 {[%clk 0:38:28]} 40. g5 {[%clk 0:02:40]}
Rb1 {[%clk 0:36:56]} 41. Kf4 a4 {[%clk 0:34:32]} 42. bxa4 Rb4 {[%clk 0:33:45]}
43. Ra3 Rxc4 {[%clk 0:34:05]} 44. a5 bxa5 {[%clk 0:34:30]} 45. Rxa5 f5 {[%clk
0:34:45]} 46. gxf6+ Kxf6 {[%clk 0:35:09]} 47. Ra8 g5+ {[%clk 0:33:52]} 48. Ke3
Rc3+ {[%clk 0:32:39]} 49. Kd4 Rc1 {[%clk 0:32:44]} 50. a4 Kg7 {[%clk 0:27:10]}
51. Ke3 Rc3+ {[%clk 0:24:21]} 52. Kd2 Ra3 {[%clk 0:18:48]} 53. a5 g4 {[%clk
0:18:12]} 54. Ke2 Ra2+ {[%clk 0:17:10]} 55. Kf1 Kf6 {[%clk 0:13:05]} 56. a6 Ke5
{[%clk 0:13:30]} 57. a7 Kd4 {[%clk 0:13:44]} 58. Kg1 Kc5 {[%clk 0:13:54]} 59. Kf1
g3 {[%clk 0:13:48]} 60. Kg1 Kb6 {[%clk 0:06:59]} 61. Rg8 Kxa7 {[%clk 0:06:53]}
62. Rxg3 Rc2 {[%clk 0:06:11]} 63. Rg2 Rc4 {[%clk 0:05:55]} 64. Re2 Kb6 {[%clk
0:06:20]} 65. Kf2 Kc5 {[%clk 0:06:40]} 66. Ke3 Rc3+ {[%clk 0:06:54]} 67. Kf4 Rc1
{[%clk 0:05:27]} 68. Ke3 Kc4 {[%clk 0:05:36]} 69. Rd2 Re1+ {[%clk 0:05:41]} 70.
Re2 Rc1 {[%clk 0:02:42]} 71. Rd2 Rc3+ {[%clk 0:02:36]} 72. Kf4 Rh3 {[%clk
0:00:52]} 73. Rc2+ Kd4 {[%clk 0:00:05]} 74. Rxc7 Rh4+ {[%clk 0:00:30]} 75. Kf3
Rxe4 {[%clk 0:00:04]} 76. Rc4+ Kxc4 {[%clk 0:00:28]} 77. Kxe4 Kc5 {[%clk
0:00:33]} 78. Ke3 Kxd5 {[%clk 0:00:57]} 79. Kd3 Ke5 {[%clk 0:01:22]} 1/2-1/2

[Event "Irena Warakomska Memorial B"]
[Site "chessmanager.com"]
[Date "2018.08.01"]
[Round "1"]
[White "Kindler, Przemyslaw"]
[Black "Zolkiewski, Jakub"]
[Result "1-0"]
[Board "3"]
[WhiteElo "2070"]
[WhiteCountry "POL"]
[WhiteFideId "1159542"]
[WhiteEloChange "5"]
[BlackElo "1894"]
[BlackCountry "POL"]
[BlackFideId "1184695"]
[BlackEloChange "-5"]

1. e4 {[%clk 1:30:30]} e6 {[%clk 1:29:28]} 2. d3 {[%clk 1:30:30]} d5 {[%clk
1:28:26]} 3. Nd2 {[%clk 1:30:54]} Nf6 {[%clk 1:27:54]} 4. Ngf3 {[%clk 1:31:19]}
c5 {[%clk 1:24:45]} 5. g3 {[%clk 1:26:48]} b6 {[%clk 1:22:01]} 6. c3 {[%clk
1:25:11]} dxe4 {[%clk 1:10:11]} 7. dxe4 {[%clk 1:25:36]} Bb7 {[%clk 1:10:36]} 8.
Qc2 {[%clk 1:26:00]} Nc6 {[%clk 1:10:25]} 9. Bg2 {[%clk 1:26:10]} Be7 {[%clk
1:00:23]} 10. O-O {[%clk 1:25:39]} Qc7 {[%clk 0:57:39]} 11. Re1 {[%clk 1:25:33]}
O-O {[%clk 0:45:41]} 12. Nc4 {[%clk 1:25:12]} Nd7 {[%clk 0:37:03]} 13. Bf4 {[%clk
1:24:41]} e5 {[%clk 0:36:52]} 14. Bd2 {[%clk 1:25:06]} Rfd8 {[%clk 0:29:48]} 15.
Ne3 {[%clk 1:24:55]} Nf6 {[%clk 0:30:02]} 16. Nf5 {[%clk 1:25:15]} Ba6 {[%clk
0:23:23]} 17. N3h4 {[%clk 1:20:23]} Ne8 {[%clk 0:16:09]} 18. Nxe7+ {[%clk
1:19:11]} Nxe7 {[%clk 0:16:14]} 19. f4 {[%clk 1:16:02]} Nc6 {[%clk 0:11:04]} 20.
Nf5 {[%clk 1:12:11]} Nd6 {[%clk 0:09:26]} 21. Rad1 {[%clk 1:07:20]} Nxf5 {[%clk
0:05:05]} 22. exf5 {[%clk 1:07:45]} Bd3 {[%clk 0:05:14]} 23. Qa4 {[%clk 1:08:00]}
b5 {[%clk 0:04:38]} 24. Qa3 {[%clk 1:07:08]} Bxf5 {[%clk 0:00:22]} 25. Qxc5
{[%clk 1:07:07]} Rac8 {[%clk 0:00:16]} 26. Be3 {[%clk 1:07:07]} Rxd1 {[%clk
0:00:15]} 27. Rxd1 {[%clk 1:07:32]} a6 {[%clk 0:00:15]} 28. Qxc6 {[%clk 1:07:57]}
1-0

[Event "Irena Warakomska Memorial B"]
[Site "chessmanager.com"]
[Date "2018.08.01"]
[Round "1"]
[White "Duda, Lukasz"]
[Black "Sukhimski, Vladimir"]
[Result "0-1"]
[Board "6"]
[WhiteElo "2201"]
[WhiteCountry "POL"]
[WhiteFideId "1119699"]
[WhiteEloChange "-13"]
[BlackElo "2083"]
[BlackCountry "UKR"]
[BlackFideId "14102889"]
[BlackEloChange "13"]

1. e4 {[%clk 1:30:30]} d6 {[%clk 1:30:30]} 2. d4 {[%clk 1:30:30]} Nf6 {[%clk
1:30:30]} 3. Nc3 {[%clk 1:30:30]} g6 {[%clk 1:30:30]} 4. Nf3 {[%clk 1:30:30]} Bg7
{[%clk 1:30:30]} 5. h3 {[%clk 1:30:30]} O-O {[%clk 1:30:30]} 6. Be2 {[%clk
1:30:30]} c6 {[%clk 1:30:30]} 7. a4 {[%clk 1:30:30]} a5 {[%clk 1:30:30]} 8. Be3
{[%clk 1:30:30]} Na6 {[%clk 1:30:30]} 9. O-O {[%clk 1:30:30]} Nb4 {[%clk
1:30:30]} 10. Qc1 {[%clk 1:30:30]} Re8 {[%clk 1:30:30]} 11. Bh6 {[%clk 1:30:30]}
e5 {[%clk 1:30:30]} 12. Bxg7 {[%clk 1:30:30]} Kxg7 {[%clk 1:30:30]} 13. dxe5
{[%clk 1:30:30]} dxe5 {[%clk 1:30:30]} 14. Bc4 {[%clk 1:30:30]} Qe7 {[%clk
1:30:30]} 15. Re1 {[%clk 1:30:30]} h6 {[%clk 1:30:30]} 16. Qd2 {[%clk 1:30:30]}
Nh5 {[%clk 1:30:30]} 17. Ne2 {[%clk 1:30:30]} Qf6 {[%clk 1:30:30]} 18. Nh2 {[%clk
1:30:30]} Qh4 {[%clk 1:30:30]} 19. Ra3 {[%clk 1:30:30]} Qxe4 {[%clk 1:30:30]} 20.
Rc3 {[%clk 1:30:30]} Nd5 {[%clk 1:30:30]} 21. Ng3 {[%clk 1:30:30]} Nxg3 {[%clk
1:30:30]} 22. Rxe4 {[%clk 1:30:30]} Nxe4 {[%clk 1:30:30]} 23. Qe1 {[%clk
1:30:30]} Nexc3 {[%clk 1:30:30]} 24. bxc3 {[%clk 1:30:30]} Bf5 {[%clk 1:30:30]}
25. Bxd5 {[%clk 1:30:30]} cxd5 {[%clk 1:30:30]} 26. Qd2 {[%clk 1:30:30]} Rad8
{[%clk 1:30:30]} 27. h4 {[%clk 1:30:30]} d4 {[%clk 1:30:30]} 28. g4 {[%clk
1:30:30]} Be4 {[%clk 1:30:30]} 29. h5 {[%clk 1:30:30]} dxc3 {[%clk 1:30:30]} 30.
Qxc3 {[%clk 1:30:30]} Rd1+ {[%clk 1:30:30]} 31. Nf1 {[%clk 1:30:30]} gxh5 {[%clk
1:30:30]} 32. gxh5 {[%clk 1:30:30]} Kh7 {[%clk 1:30:30]} 33. f3 {[%clk 1:30:30]}
Bc6 {[%clk 1:30:30]} 34. Kf2 {[%clk 1:30:30]} Rd4 {[%clk 1:30:30]} 35. Ne3 {[%clk
1:30:30]} Rf4 {[%clk 1:30:30]} 36. Qb3 {[%clk 1:30:30]} Bxf3 {[%clk 1:30:30]} 37.
Ke1 {[%clk 1:30:30]} Rg8 {[%clk 1:30:30]} 38. Qd3+ {[%clk 1:30:30]} Be4 {[%clk
1:30:30]} 39. Qd7 {[%clk 1:30:30]} Rg1+ {[%clk 1:30:30]} 40. Kd2 {[%clk 1:30:30]}
Rf2+ {[%clk 1:30:30]} 41. Kc3 {[%clk 1:30:30]} Rg3 {[%clk 1:30:30]} 42. Kc4
{[%clk 1:30:30]} Rxe3 {[%clk 1:30:30]} 43. Kc5 {[%clk 1:30:30]} Rc3+ {[%clk
1:30:30]} 44. Kb6 {[%clk 1:30:30]} Rf6+ {[%clk 1:30:30]} 45. Ka7 {[%clk 1:30:30]}
Bf5 {[%clk 1:30:30]} 46. Qxb7 {[%clk 1:30:30]} e4 {[%clk 1:30:30]} 47. Qe7 {[%clk
1:30:30]} Kg7 {[%clk 1:30:30]} 48. Qe5 {[%clk 1:30:30]} Rxc2 {[%clk 1:30:30]} 49.
Qxa5 {[%clk 1:30:34]} e3 {[%clk 1:29:38]} 50. Qe5 {[%clk 1:30:13]} e2 {[%clk
1:29:11]} 51. a5 {[%clk 1:29:01]} Bc8 {[%clk 1:25:16]} 52. Kb8 {[%clk 1:22:57]}
Ba6 {[%clk 1:25:21]} 53. Ka7 {[%clk 1:21:03]} Rb2 {[%clk 1:23:23]} 0-1

[Event "Irena Warakomska Memorial B"]
[Site "chessmanager.com"]
[Date "2018.08.01"]
[Round "1"]
[White "Zurkowski, Andrzej"]
[Black "Bartoszewicz, Marcin"]
[Result "1-0"]
[Board "7"]
[WhiteElo "2089"]
[WhiteCountry "POL"]
[WhiteFideId "1131303"]
[WhiteEloChange "5"]
[BlackElo "1907"]
[BlackCountry "POL"]
[BlackFideId "1131966"]
[BlackEloChange "-5"]

1. d4 {[%clk 1:30:30]} Nf6 {[%clk 1:30:30]} 2. c4 {[%clk 1:30:30]} g6 {[%clk
1:30:30]} 3. Nc3 {[%clk 1:30:30]} Bg7 {[%clk 1:30:30]} 4. e4 {[%clk 1:30:30]} d6
{[%clk 1:30:30]} 5. f4 {[%clk 1:30:30]} c5 {[%clk 1:30:30]} 6. d5 {[%clk
1:30:30]} O-O {[%clk 1:30:30]} 7. Nf3 {[%clk 1:30:30]} e6 {[%clk 1:30:30]} 8. Be2
{[%clk 1:30:30]} exd5 {[%clk 1:30:30]} 9. exd5 {[%clk 1:30:30]} Na6 {[%clk
1:30:30]} 10. O-O {[%clk 1:30:30]} Nc7 {[%clk 1:30:30]} 11. Bd3 {[%clk 1:30:30]}
Bd7 {[%clk 1:30:30]} 12. f5 {[%clk 1:30:30]} Qc8 {[%clk 1:30:30]} 13. Nh4 {[%clk
1:30:30]} a6 {[%clk 1:30:30]} 14. g4 {[%clk 1:30:30]} Nfe8 {[%clk 1:30:30]} 15.
Ne4 {[%clk 1:30:30]} gxf5 {[%clk 1:30:30]} 16. gxf5 {[%clk 1:30:30]} 1-0

[Event "Irena Warakomska Memorial B"]
[Site "chessmanager.com"]
[Date "2018.08.01"]
[Round "1"]
[White "Szalko, Maciej"]
[Black "Widla, Piotr"]
[Result "0-1"]
[Board "8"]
[WhiteElo "1857"]
[WhiteCountry "POL"]
[WhiteFideId "1145614"]
[WhiteEloChange "-4"]
[BlackElo "2100"]
[BlackCountry "POL"]
[BlackFideId "1132164"]
[BlackEloChange "4"]

1. d4 {[%clk 1:30:30]} c5 {[%clk 1:30:30]} 2. Nf3 {[%clk 1:30:30]} Nf6 {[%clk
1:30:30]} 3. g3 {[%clk 1:30:30]} e6 {[%clk 1:30:30]} 4. Bg2 {[%clk 1:30:30]} d5
{[%clk 1:30:30]} 5. O-O {[%clk 1:30:30]} b6 {[%clk 1:30:30]} 6. c4 {[%clk
1:30:30]} Bb7 {[%clk 1:30:30]} 7. Nc3 {[%clk 1:30:30]} Be7 {[%clk 1:30:30]} 8. a3
{[%clk 1:30:30]} O-O {[%clk 1:30:30]} 9. Qd3 {[%clk 1:30:30]} Nbd7 {[%clk
1:30:30]} 10. cxd5 {[%clk 1:30:30]} exd5 {[%clk 1:30:30]} 11. Ne5 {[%clk
1:30:30]} cxd4 {[%clk 1:30:30]} 12. Nxd7 {[%clk 1:30:30]} Qxd7 {[%clk 1:30:30]}
13. Qxd4 {[%clk 1:30:30]} Bc5 {[%clk 1:30:30]} 14. Qd3 {[%clk 1:30:30]} d4 {[%clk
1:30:30]} 15. Bxb7 {[%clk 1:30:30]} Qxb7 {[%clk 1:30:30]} 16. b4 {[%clk 1:30:30]}
Bxb4 {[%clk 1:30:30]} 17. axb4 {[%clk 1:30:30]} dxc3 {[%clk 1:30:30]} 18. Qxc3
{[%clk 1:30:30]} Rfe8 {[%clk 1:30:30]} 19. Ra2 {[%clk 1:30:30]} Ne4 {[%clk
1:30:30]} 20. Qf3 {[%clk 1:30:30]} Qe7 {[%clk 1:30:30]} 21. Qb3 {[%clk 1:30:30]}
Rac8 {[%clk 1:30:30]} 22. f3 {[%clk 1:30:30]} Nc3 {[%clk 1:30:30]} 23. Ra1 {[%clk
1:30:30]} Nxe2+ {[%clk 1:30:30]} 24. Kg2 {[%clk 1:30:30]} Nd4 {[%clk 1:30:30]}
25. Qd3 {[%clk 1:30:30]} Rc2+ {[%clk 1:30:30]} 26. Kh3 {[%clk 1:30:30]} Qd7+
{[%clk 1:30:30]} 27. g4 {[%clk 1:30:30]} Ree2 {[%clk 1:30:30]} 28. Bf4 {[%clk
1:30:30]} g5 {[%clk 1:30:30]} 29. Rxa7 {[%clk 1:30:30]} Qxa7 {[%clk 1:30:30]} 30.
Qxd4 {[%clk 1:30:30]} gxf4 {[%clk 1:30:30]} 31. Qd8+ {[%clk 1:30:30]} Kg7 {[%clk
1:30:30]} 32. Qg5+ {[%clk 1:30:30]} Kf8 {[%clk 1:30:30]} 33. Qd8+ {[%clk
1:30:30]} Re8 {[%clk 1:30:30]} 34. Qd3 {[%clk 1:30:30]} Qa2 {[%clk 1:30:30]} 35.
Qd6+ {[%clk 1:30:30]} Kg8 {[%clk 1:30:30]} 36. Qxf4 {[%clk 1:30:30]} Qe6 {[%clk
1:30:30]} 37. Rd1 {[%clk 1:30:30]} Qe5 {[%clk 1:30:30]} 0-1

[Event "Irena Warakomska Memorial B"]
[Site "chessmanager.com"]
[Date "2018.08.01"]
[Round "1"]
[White "Paziak, Patryk"]
[Black "Grabowski, Adam"]
[Result "1/2-1/2"]
[Board "9"]
[WhiteElo "1811"]
[WhiteCountry "POL"]
[WhiteFideId "1168185"]
[WhiteEloChange "6"]
[BlackElo "2066"]
[BlackCountry "POL"]
[BlackFideId "1142143"]
[BlackEloChange "-6"]

1. e4 {[%clk 1:30:30]} c6 {[%clk 1:30:30]} 2. d4 {[%clk 1:30:30]} d5 {[%clk
1:30:30]} 3. Nc3 {[%clk 1:30:30]} dxe4 {[%clk 1:30:30]} 4. Nxe4 {[%clk 1:30:30]}
Nf6 {[%clk 1:30:30]} 5. Ng5 {[%clk 1:30:30]} h6 {[%clk 1:30:30]} 6. N5f3 {[%clk
1:30:30]} Bf5 {[%clk 1:30:30]} 7. Bd3 {[%clk 1:30:30]} Nbd7 {[%clk 1:30:30]} 8.
c3 {[%clk 1:30:30]} e6 {[%clk 1:30:30]} 9. Bf4 {[%clk 1:30:30]} g5 {[%clk
1:30:30]} 10. Bxf5 {[%clk 1:30:30]} exf5 {[%clk 1:30:30]} 11. Qe2+ {[%clk
1:30:30]} Ne4 {[%clk 1:30:30]} 12. Bc1 {[%clk 1:30:30]} Be7 {[%clk 1:30:30]} 13.
Nd2 {[%clk 1:30:30]} Ndf6 {[%clk 1:30:30]} 14. Ngf3 {[%clk 1:30:30]} Qd5 {[%clk
1:30:30]} 15. Qc4 {[%clk 1:30:30]} O-O {[%clk 1:30:30]} 16. Qxd5 {[%clk 1:30:30]}
cxd5 {[%clk 1:30:30]} 17. Ne5 {[%clk 1:30:30]} Bd6 {[%clk 1:30:30]} 18. h4 {[%clk
1:30:30]} Rfe8 {[%clk 1:30:30]} 19. Nxe4 {[%clk 1:30:30]} Nxe4 {[%clk 1:30:30]}
20. hxg5 {[%clk 1:30:30]} hxg5 {[%clk 1:30:30]} 21. O-O {[%clk 1:30:30]} Bxe5
{[%clk 1:30:30]} 22. dxe5 {[%clk 1:30:30]} f4 {[%clk 1:30:30]} 23. Re1 {[%clk
1:30:30]} Re6 {[%clk 1:30:30]} 24. c4 {[%clk 1:30:30]} Rae8 {[%clk 1:30:30]} 25.
f3 {[%clk 1:30:30]} Nf6 {[%clk 1:30:30]} 26. Bd2 {[%clk 1:30:30]} Rxe5 {[%clk
1:30:30]} 27. Rxe5 {[%clk 1:30:30]} Rxe5 {[%clk 1:30:30]} 28. Bc3 {[%clk
1:30:30]} Re6 {[%clk 1:30:30]} 29. Bxf6 {[%clk 1:30:30]} Rxf6 {[%clk 1:30:30]}
30. cxd5 {[%clk 1:30:30]} Rd6 {[%clk 1:30:30]} 31. Rd1 {[%clk 1:30:30]} Kg7
{[%clk 1:30:30]} 32. g3 {[%clk 1:30:30]} fxg3 {[%clk 1:30:30]} 33. Kg2 {[%clk
1:30:30]} Kf6 {[%clk 1:30:30]} 34. Kxg3 {[%clk 1:30:30]} Kf5 {[%clk 1:30:30]} 35.
Rd2 {[%clk 1:30:30]} f6 {[%clk 1:30:30]} 36. Rd1 {[%clk 1:30:30]} Ke5 {[%clk
1:30:30]} 37. Kg4 {[%clk 1:30:30]} Rxd5 {[%clk 1:30:30]} 38. Rxd5+ {[%clk
1:30:30]} Kxd5 {[%clk 1:30:30]} 39. Kf5 {[%clk 1:30:30]} Kd4 {[%clk 1:30:30]} 40.
Kxf6 {[%clk 1:30:30]} Ke3 {[%clk 1:30:30]} 41. Kxg5 {[%clk 1:30:30]} Kxf3 {[%clk
1:30:30]} 42. Kf5 {[%clk 1:30:30]} Ke3 {[%clk 1:30:30]} 43. Ke5 {[%clk 1:30:30]}
Kd3 {[%clk 1:30:30]} 44. Kd6 {[%clk 1:30:30]} Kc2 {[%clk 1:30:30]} 45. Kc7 {[%clk
1:30:30]} Kxb2 {[%clk 1:30:30]} 46. a4 {[%clk 1:30:30]} Ka3 {[%clk 1:30:30]} 47.
a5 {[%clk 1:30:30]} Kb4 {[%clk 1:30:30]} 1/2-1/2

[Event "Irena Warakomska Memorial B"]
[Site "chessmanager.com"]
[Date "2018.08.01"]
[Round "1"]
[White "Kowalec, Maciej"]
[Black "Milchenko, Valerii"]
[Result "1-0"]
[Board "10"]
[WhiteElo "2056"]
[WhiteCountry "POL"]
[WhiteFideId "1167600"]
[WhiteEloChange "4"]
[BlackElo "1825"]
[BlackCountry "RUS"]
[BlackFideId "34174491"]
[BlackEloChange "-4"]

1. d4 {[%clk 1:30:30]} Nf6 {[%clk 1:30:30]} 2. Nf3 {[%clk 1:30:30]} e6 {[%clk
1:30:30]} 3. e3 {[%clk 1:30:30]} b6 {[%clk 1:30:30]} 4. Bd3 {[%clk 1:30:30]} Bb7
{[%clk 1:30:30]} 5. O-O {[%clk 1:30:30]} Nc6 {[%clk 1:30:30]} 6. Nbd2 {[%clk
1:30:30]} Ne7 {[%clk 1:30:30]} 7. c4 {[%clk 1:30:30]} Ng6 {[%clk 1:30:30]} 8. b3
{[%clk 1:30:30]} d5 {[%clk 1:30:30]} 9. Bb2 {[%clk 1:30:30]} Be7 {[%clk 1:30:30]}
10. Rc1 {[%clk 1:30:30]} O-O {[%clk 1:30:30]} 11. Qe2 {[%clk 1:30:30]} Ne4 {[%clk
1:30:30]} 12. cxd5 {[%clk 1:30:30]} exd5 {[%clk 1:30:30]} 13. Ba6 {[%clk
1:30:30]} Bxa6 {[%clk 1:30:30]} 14. Qxa6 {[%clk 1:30:30]} Nxd2 {[%clk 1:30:30]}
15. Nxd2 {[%clk 1:30:30]} Bd6 {[%clk 1:30:30]} 16. Ba3 {[%clk 1:30:30]} Ne7
{[%clk 1:30:30]} 17. Rc2 {[%clk 1:30:30]} c6 {[%clk 1:30:30]} 18. Nf3 {[%clk
1:30:30]} f6 {[%clk 1:30:30]} 19. Rfc1 {[%clk 1:30:30]} Qd7 {[%clk 1:30:30]} 20.
Ne1 {[%clk 1:30:30]} h5 {[%clk 1:30:30]} 21. Nd3 {[%clk 1:30:30]} h4 {[%clk
1:30:30]} 22. Nb4 {[%clk 1:30:30]} Rac8 {[%clk 1:30:30]} 23. Nd3 {[%clk 1:30:30]}
Bxa3 {[%clk 1:30:30]} 24. Qxa3 {[%clk 1:30:30]} h3 {[%clk 1:30:30]} 25. g3 {[%clk
1:30:30]} Rfe8 {[%clk 1:30:30]} 26. Qa6 {[%clk 1:30:30]} Qf5 {[%clk 1:30:30]} 27.
Ne1 {[%clk 1:30:30]} Rc7 {[%clk 1:30:30]} 28. Qd3 {[%clk 1:30:30]} Qe6 {[%clk
1:30:30]} 29. b4 {[%clk 1:30:30]} Rec8 {[%clk 1:30:30]} 30. a4 {[%clk 1:30:30]}
Nf5 {[%clk 1:30:30]} 31. a5 {[%clk 1:30:30]} b5 {[%clk 1:30:30]} 32. Qf1 {[%clk
1:30:30]} Nd6 {[%clk 1:30:30]} 33. Nd3 {[%clk 1:30:30]} Nc4 {[%clk 1:30:30]} 34.
Nf4 {[%clk 1:30:30]} Qd6 {[%clk 1:30:30]} 35. Qxh3 {[%clk 1:30:30]} g5 {[%clk
1:30:30]} 36. Ne6 {[%clk 1:30:30]} Qd7 {[%clk 1:30:30]} 37. Qf5 {[%clk 1:30:30]}
Qf7 {[%clk 1:30:30]} 38. Nxc7 {[%clk 1:30:30]} Rxc7 {[%clk 1:30:30]} 39. h4
{[%clk 1:30:30]} gxh4 {[%clk 1:30:30]} 40. Qg4+ {[%clk 1:30:30]} Kf8 {[%clk
1:30:30]} 41. Qxh4 {[%clk 1:30:30]} Qg7 {[%clk 1:30:30]} 42. Kg2 {[%clk 1:30:30]}
Re7 {[%clk 1:30:30]} 43. Re2 {[%clk 1:30:30]} Qg6 {[%clk 1:30:30]} 44. Rh1 {[%clk
1:30:30]} Qg7 {[%clk 1:30:30]} 45. Qh8+ {[%clk 1:30:30]} Kf7 {[%clk 1:30:30]} 46.
Rh7 {[%clk 1:30:30]} 1-0

[Event "Irena Warakomska Memorial B"]
[Site "chessmanager.com"]
[Date "2018.08.01"]
[Round "1"]
[White "Milanowski, Jan"]
[Black "Barchuk, Irina"]
[Result "1-0"]
[Board "11"]
[WhiteElo "1784"]
[WhiteCountry "POL"]
[WhiteFideId "1109758"]
[WhiteEloChange "16"]
[BlackElo "2039"]
[BlackCountry "UKR"]
[BlackFideId "14119005"]
[BlackEloChange "-16"]

1. d4 {[%clk 1:30:30]} Nf6 {[%clk 1:30:30]} 2. Bf4 {[%clk 1:30:30]} g6 {[%clk
1:30:30]} 3. Nf3 {[%clk 1:30:30]} Bg7 {[%clk 1:30:30]} 4. c3 {[%clk 1:30:30]} O-O
{[%clk 1:30:30]} 5. e3 {[%clk 1:30:30]} d6 {[%clk 1:30:30]} 6. Be2 {[%clk
1:30:30]} b6 {[%clk 1:30:30]} 7. h3 {[%clk 1:30:30]} Bb7 {[%clk 1:30:30]} 8. O-O
{[%clk 1:30:30]} Nbd7 {[%clk 1:30:30]} 9. Nbd2 {[%clk 1:30:30]} Qe8 {[%clk
1:30:30]} 10. a4 {[%clk 1:30:30]} e5 {[%clk 1:30:30]} 11. Bh2 {[%clk 1:30:30]} e4
{[%clk 1:30:30]} 12. Ne1 {[%clk 1:30:30]} a5 {[%clk 1:30:30]} 13. Nc2 {[%clk
1:30:30]} Nd5 {[%clk 1:30:30]} 14. Na3 {[%clk 1:30:30]} f5 {[%clk 1:30:30]} 15.
Nb5 {[%clk 1:30:30]} f4 {[%clk 1:30:30]} 16. Bc4 {[%clk 1:30:30]} fxe3 {[%clk
1:30:30]} 17. fxe3 {[%clk 1:30:30]} Qd8 {[%clk 1:30:30]} 18. Qb3 {[%clk 1:30:30]}
Qg5 {[%clk 1:30:30]} 19. Bf4 {[%clk 1:30:30]} Rxf4 {[%clk 1:30:30]} 20. exf4
{[%clk 1:30:30]} Qf5 {[%clk 1:30:30]} 21. Nxc7 {[%clk 1:30:30]} Nf6 {[%clk
1:30:30]} 22. Qxb6 {[%clk 1:30:30]} Rb8 {[%clk 1:30:30]} 23. Qxd6 {[%clk
1:30:30]} Bf8 {[%clk 1:30:30]} 24. Qe5 {[%clk 1:30:30]} Kh8 {[%clk 1:30:30]} 25.
Nxd5 {[%clk 1:30:30]} Qxe5 {[%clk 1:30:30]} 26. fxe5 {[%clk 1:30:30]} Nxd5 {[%clk
1:30:30]} 27. Rf7 {[%clk 1:30:30]} Ne3 {[%clk 1:30:30]} 28. Be6 {[%clk 1:30:30]}
Bh6 {[%clk 1:30:30]} 29. Nf1 {[%clk 1:30:30]} Nc2 {[%clk 1:30:30]} 30. Rb1 {[%clk
1:30:30]} Bc6 {[%clk 1:30:30]} 31. b3 {[%clk 1:30:30]} Bxa4 {[%clk 1:30:30]} 32.
Rb2 {[%clk 1:30:30]} Na1 {[%clk 1:30:30]} 33. b4 {[%clk 1:30:30]} axb4 {[%clk
1:30:30]} 34. Rxb4 {[%clk 1:30:30]} Rxb4 {[%clk 1:30:30]} 35. cxb4 {[%clk
1:30:30]} Nc2 {[%clk 1:30:30]} 36. d5 {[%clk 1:30:30]} e3 {[%clk 1:30:30]} 37.
Ra7 {[%clk 1:30:30]} Bf4 {[%clk 1:30:30]} 38. Ra8+ {[%clk 1:30:30]} Kg7 {[%clk
1:30:30]} 39. Bg4 {[%clk 1:30:30]} h5 {[%clk 1:30:30]} 40. Be2 {[%clk 1:30:30]}
Nd4 {[%clk 1:30:30]} 41. Ra7+ {[%clk 1:30:30]} Kf8 {[%clk 1:30:30]} 42. Rxa4
{[%clk 1:30:30]} Nxe2+ {[%clk 1:30:30]} 43. Kh1 {[%clk 1:30:30]} Nc3 {[%clk
1:30:30]} 44. Ra8+ {[%clk 1:30:30]} Ke7 {[%clk 1:30:30]} 45. Nxe3 {[%clk
1:30:30]} Bxe3 {[%clk 1:30:30]} 46. d6+ {[%clk 1:30:30]} Kd7 {[%clk 1:30:30]} 47.
Rg8 {[%clk 1:30:30]} Bf4 {[%clk 1:30:30]} 48. Rg7+ {[%clk 1:30:30]} Kd8 {[%clk
1:30:30]} 49. e6 {[%clk 1:30:30]} Bxd6 {[%clk 1:30:30]} 50. Rd7+ {[%clk 1:30:30]}
Ke8 {[%clk 1:30:30]} 51. Rxd6 {[%clk 1:30:30]} Ne4 {[%clk 1:30:30]} 52. Rc6
{[%clk 1:30:30]} Ke7 {[%clk 1:30:30]} 53. b5 {[%clk 1:30:30]} Nd6 {[%clk
1:30:30]} 54. Rxd6 {[%clk 1:30:30]} 1-0